Central Library OPAC University of Rajshahi

The up-to-date civil reference, 1960 / (Record no. 56562)

MARC details
000 -LEADER
fixed length control field 00700nam a2200229 a 4500
001 - CONTROL NUMBER
control field 56562
003 - CONTROL NUMBER IDENTIFIER
rucl marc code BD-RjUL
005 - DATE AND TIME OF LATEST TRANSACTION
control field 20211209080418.0
008 - FIXED-LENGTH DATA ELEMENTS--GENERAL INFORMATION
fixed length control field 190306s1961 bg a 001 0 eng
035 ## - SYSTEM CONTROL NUMBER
System control number (BD-RjUL)56686
040 ## - CATALOGING SOURCE
Original cataloging agency DLC
Transcribing agency DLC
Modifying agency DLC
-- BD-RjUL
Language of cataloging eng
041 ## - LANGUAGE CODE
Language code of text/sound track or separate title eng
082 00 - DEWEY DECIMAL CLASSIFICATION NUMBER
Edition number 23
Classification number 340.095491
Author mark and year UPT 1961
245 00 - TITLE STATEMENT
Title The up-to-date civil reference, 1960 /
Statement of responsibility, etc. Obaidul Huq Chowdhury.
260 ## - PUBLICATION, DISTRIBUTION, ETC. (IMPRINT)
Place of publication, distribution, etc. Dacca :
Name of publisher, distributor, etc. Dacca Law Reports,
Date of publication, distribution, etc. 1961
300 ## - PHYSICAL DESCRIPTION
Pagination lxxi, 740 pages ;
Size 26 cm.
650 ## - SUBJECT ADDED ENTRY--TOPICAL TERM
Topical term or geographic name as entry element Law reports, digests,
Geographic subdivision Pakistan.
9 (RLIN) 229032
Topical term or geographic name as entry element Law reports, digests, etc.
9 (RLIN) 229033
651 ## - SUBJECT ADDED ENTRY--GEOGRAPHIC NAME
Geographic name Pakistan
9 (RLIN) 229034
700 ## - ADDED ENTRY--PERSONAL NAME
Personal name Chowdhury, Obaidul Huq.
942 ## - ADDED ENTRY ELEMENTS (KOHA)
Source of classification or shelving scheme Dewey Decimal Classification
Koha item type Books
Holdings
Lost status Source of classification or shelving scheme Damaged status Not for loan Collection code Permanent Location Current Location Shelving location Date acquired Source of acquisition Cost, normal purchase price Total Checkouts Full call number Date last seen Copy number Koha item type
  Dewey Decimal Classification   Not For Loan Non-fiction Central Library, University of Rajshahi Central Library, University of Rajshahi Reading Room 01/07/1968 Dhaka, Warsi Book Corp. 90.00   340.095491 UPT 1961 06/03/2019 C-1 Books